000 00618nam a2200253Ia 4500
003 OSt
005 20221005123908.0
006 a|||||r|||| 00| 0
007 ta
008 221004b |||||||| |||| 00| 0 tam d
020 _c3.00
024 _a49266
037 _cTextual
040 _aCRL
_cCRL
_btam
041 _2tam
_atam
082 _aO31,2NVE1,1, L3
100 _aVellimalai Au.
_9634393
245 0 _aManaveeram
260 _c1973
300 _a136p.
_ccm.
650 _aTAMIL DRAMA
_9192671
942 _hO31,2NVE1,1, L3
_cTEXL
_2cc
999 _c1048829
_d1048829